The dreams of Tipu Sultan Bali (Record no. 35394)
[ view plain ]
| 000 -LEADER | |
|---|---|
| fixed length control field | 00441nam a2200169Ia 4500 |
| 001 - CONTROL NUMBER | |
| control field | 35879 |
| 008 - FIXED-LENGTH DATA ELEMENTS--GENERAL INFORMATION | |
| fixed length control field | 140421s9999 xx 000 0 und d |
| 020 ## - INTERNATIONAL STANDARD BOOK NUMBER | |
| International Standard Book Number | 0195664760 |
| 040 ## - CATALOGING SOURCE | |
| Transcribing agency | PK-LaUMT |
| 082 ## - DEWEY DECIMAL CLASSIFICATION NUMBER | |
| Classification number | 954.0312 |
| Item number | KAR-D |
| 100 ## - MAIN ENTRY--PERSONAL NAME | |
| Personal name | Karnad, Girish |
| 245 #4 - TITLE STATEMENT | |
| Title | The dreams of Tipu Sultan Bali |
| Remainder of title | the sacrifice |
| Statement of responsibility, etc | Karnad, Girish |
| 260 ## - PUBLICATION, DISTRIBUTION, ETC. (IMPRINT) | |
| Place of publication, distribution, etc | Oxford,USA: |
| Name of publisher, distributor, etc | Oxford University Press, |
| Date of publication, distribution, etc | 2005 |
| 300 ## - PHYSICAL DESCRIPTION | |
| Extent | 125 p. |
| 546 ## - LANGUAGE NOTE | |
| Language note | EN |
| 942 ## - ADDED ENTRY ELEMENTS (KOHA) | |
| Koha item type | Books |
| Withdrawn status | Lost status | Damaged status | Not for loan | Home library | Current library | Date acquired | Total Checkouts | Total Renewals | Full call number | Barcode | Date last seen | Date checked out | Price effective from | Koha item type |
|---|---|---|---|---|---|---|---|---|---|---|---|---|---|---|
| UMT Main Campus | UMT Main Campus | 2014-04-21 | 8 | 1 | 954.0312 KAR-D | 40716 | 2022-12-29 | 2022-12-27 | 2014-05-05 | Books |
